| 000 | 01398nam0a2200313 4500 | ||
|---|---|---|---|
| 001 | RU\NLR\bibl\1722324 | ||
| 005 | 20260409073647.0 | ||
| 010 |
_a978-5-374-00375-8 _950 |
||
| 021 |
_aRU _b2010-96576 _96514 |
||
| 035 | _a(NLR Aleph) 001713310 | ||
| 090 |
_a1293808 _c1293808 |
||
| 100 | _a20110113d2010 |||y0rusy50 ca | ||
| 101 | 0 | _arus | |
| 102 | _aRU | ||
| 105 | _aa ||||||||| | ||
| 200 | 1 |
_aЭлектронный бизнес на рынке товаров и услуг _eучебно-практическое пособие _fЕ.В. Макаренкова _gМеждунар. консорциум "Электрон. ун-т" [и др.] |
|
| 210 |
_aМосква _cИздательский центр ЕАОИ _d2010 |
||
| 215 |
_a95 с. _cил. _d21 |
||
| 300 | _aВ надзаг. также: Моск. гос. ун-т экономики, статистики и информатики, Евраз. открытый ин-т | ||
| 320 | _aБиблиогр.: с. 93-95 | ||
| 606 |
_aЭлектронная коммерция _jУчебные издания _3RU\NLR\auth\661265484 _92090784 |
||
| 686 | _aУ42(0)1в612я7 | ||
| 700 | 1 |
_aМакаренкова _bЕ. В. _gЕкатерина Владимировна _4070 |
|
| 801 | 0 |
_aRU _bNLR _c20110113 _gRCR |
|
| 801 | 1 |
_aRU _bNLR _c20110113 |
|
| 830 | _aавт. раскрыт по кн. | ||
| 942 | _cBOOK | ||
| 980 | _aNB | ||